| 000 | 00814nam a22002177a 4500 | ||
|---|---|---|---|
| 999 |
_c4698 _d4698 |
||
| 003 | AR-CdUCM | ||
| 008 | 190311b ||||| |||| 00| 0 esp d | ||
| 040 |
_aMUNICIPALIDAD PROVINCIAL DEL CUSCO _cBIBLIOTECA MUNICIPAL DEL CUSCO |
||
| 082 |
_a801.954 / _bT72 |
||
| 100 |
_aTorre, Guillermo de _99574 |
||
| 245 |
_aQué es el superrealismo _cGuillermo de Torre |
||
| 260 |
_aBuenos Aires : _bColumba, _c1959. |
||
| 300 |
_a71 paginas ; _c19 cm. |
||
| 440 |
_aEsquemas 18 _914590 |
||
| 500 | _aDonación de la familia Luis Nieto | ||
| 505 | _aTreinta años después -- El dadaísmo -- El primer manifiesto del superrealismo -- Técnicas del superrealismo -- Figuras y obras literarias ... | ||
| 650 |
_aLiteratura europea _9894 |
||
| 650 |
_aMovimiento de vanguardia _914591 |
||
| 942 |
_2ddc _cLIBROS |
||
| 945 | _aacrt | ||